| 000 | 00737nam a2200253Ia 4500 | ||
|---|---|---|---|
| 003 | OSt | ||
| 005 | 20221005102125.0 | ||
| 006 | a|||||r|||| 00| 0 | ||
| 007 | ta | ||
| 008 | 221004b |||||||| |||| 00| 0 eng d | ||
| 024 | _a61842 | ||
| 037 | _cTextual | ||
| 040 |
_aCRL _cCRL _beng |
||
| 041 |
_2eng _aeng |
||
| 082 | _aV2:71vM9, K6.12 | ||
| 110 |
_aArchaelogical Survey of India _9622877 |
||
| 245 | 0 | _aReport of tours in the Central Doab and Gorakhpur in 1874-75 and 75-76 | |
| 260 |
_aVaranasi _bIndological Book House _c1970 |
||
| 300 |
_a230p. _ccm. |
||
| 650 | _aHISTORY | ||
| 700 |
_aArchaelogical Survey of India _9622878 |
||
| 942 |
_hV2:71vM9, K6.12 _cTEXL _2cc |
||
| 999 |
_c1007884 _d1007884 |
||